| 000 | 00490nam a2200181 a 4500 | ||
|---|---|---|---|
| 005 | 20240626063651.0 | ||
| 008 | 991125s1964 mx 000 0 spa u | ||
| 035 | _aUPN01000001166 | ||
| 049 | _aCG | ||
| 050 | 4 |
_aLB2000 _bA43 1964 |
|
| 245 | 0 | 0 |
_aAgenda del maestro 1964 / _ccomp. Julio Rubio Villagrán. |
| 250 | _a6a ed. | ||
| 260 |
_aMéxico : _bPorrúa, _c1964. |
||
| 300 | _a623 p. | ||
| 650 | 4 |
_aMaestros _vManuales _9829 |
|
| 700 | 1 |
_aRubio Villagrán, Julio, _ecomp. |
|
| 905 | _aLibro | ||
| 999 |
_c1166 _d1166 |
||